01064nam a22002297a 450000500170000000800410001702000150005804000070007304100080008008200220008810000230011024500460013326000400017930000240021936500360024350000220027952004450030165000220074665000270076865000140079570000250080920210928063512.0210928b ||||| |||| 00| 0 eng d a8170492785 cAL aeng 223a327.117bDHAF aMaloy Krishna Dhar aFulcrum of evilbISI, CIA, Al Qaeda Nexus aNew DelhibManas Publicationsc2006 a402p.bHBc25x16cm. b795.00c₹d795.00f2013/03/24 aPolitical Science aThe volume incorporates details of major Pakistani security and intelligence services, structural and functional characteristics of the ISI and its devastating interventions in the internal political affairs of Pakistan. The book delves deep into the ISI's intricate connectivity with the International Islamic Jihad movement. This is the first comprehensive effort to unveil the darker sides of Pakistan's prime intelligence agency.  aPolitical Science aIslamic Fundamentalism aTerrorism aDHAR (Maloy Krishna)